Statystyki dla 7- Zakupy: część 1/4

Kliknij tutaj aby rozwiązać quiz!

Ogólne statystyki

  • Ten quiz został rozwiązany 16 razy
  • Średni wynik to 23 z 67

Statystyki odpowiedzi

HintOdpowiedź% Poprawnych
sklepyshops
93%
książkabook
87%
piłkaball
73%
krzesłochair
73%
laptoplaptop
73%
butyshoes
73%
zakupyshopping
73%
telewizjaTV
73%
marchewkacarrot
67%
długopispen
67%
sofasofa
67%
ołówekpencil
60%
Różarose
60%
słodyczesweets
60%
tablettablet
60%
wołowinabeef
53%
zeszytnotebook
53%
spódnicaskirt
53%
supermarketsupermarket
53%
aspirynaaspirin
47%
księgarniabookshop
47%
lizaklollipop
47%
plakatposter
47%
spodnietrousers
47%
rzeźnikbutcher's
40%
homarlobster
40%
Odtwarzacz mp3MP3 player
40%
sklep muzycznymusic shop
40%
Gazetanewspaper
40%
pierścieńring
40%
łosośsalmon
40%
sklep odzieżowyclothes shop
33%
produktproduct
33%
usługiservices
33%
Miśteddy bear
33%
naszyjniknecklace
27%
produktyproducts
27%
sklep z zabawkamitoy shop
27%
płyty CDCDs
20%
Aptekachemist's
20%
czasopismomagazine
20%
tenisówkitrainers
20%
tulipantulip
20%
bakłażanaubergine
13%
kopertaenvelope
13%
sprzętequipment
13%
kwiaciarniaflorist's
13%
sklep meblowyfurniture shop
13%
Warzywniakgreengrocer's
13%
sklep sportowysports shop
13%
kostium kąpielowyswimming costume
13%
kij bejsbolowybat
7%
pudełko czekoladekbox of chocolates
7%
tabliczka czekoladychocolate bar
7%
torebkahandbag
7%
Jubilerjeweller's
7%
mięso mieloneminced meat
7%
stacja benzynowapetrol station
7%
produkty rolneproduce
7%
Centrum handloweshopping mall
7%
goździkcarnation
0%
cukierniaconfectioner's
0%
sklep elektrycznyelectrical shop
0%
sklep rybnyfishmonger's
0%
telewizor z płaskim ekranemflatscreen TV
0%
kiosknewsagent's
0%
papierniczystationer's
0%

Rozkład punktacji

Percentyl według liczby udzielonych odpowiedzi

Procent ludzi z każdym wynikiem

Twoja historia wyników

Nie rozwiązałeś tego quizu